000 00271nam a2200109Ia 4500
008 220204s9999 xx 000 0 und d
082 _a651
_bMAN;1
245 0 _aManual of office procedure
250 _aEd.2
260 _aIndia
_bManager of Publications
_c1956
942 _cBK
999 _c22320
_d22320